Postal bulletin, Oct. 21, 1937.

Bibliographic Details
Format: Government Document eBook
Language:English
Published: [Washington] : [s.n.], 1937.
Subjects:
Online Access:Electronic resource (PDF)

MARC

Tag First Indicator Second Indicator Subfields
LEADER 00000cam a22000001i 4500
001 in00003915607
006 m d f
007 cr bn mmmapmmp
008 371013s1937 dcu o f000 0 eng d
005 20250210235420.5
035 |a ebd1933030690 
040 |a UMI  |c UMI  |e rda  |d UtOrBLW 
086 0 |a P 1.3:58/17296 
099 |a P1.3..58_17296 
110 1 |a United States.  |b Post Office Department,  |e issuing body.  |0 http://id.loc.gov/authorities/names/n80013583 
245 1 0 |a Postal bulletin, Oct. 21, 1937. 
264 1 |a [Washington] :  |b [s.n.],  |c 1937. 
300 |a 1 online resource (1 page), digital, PDF file 
336 |a text  |b txt  |2 rdacontent 
337 |a computer  |b c  |2 rdamedia 
338 |a online resource  |b cr  |2 rdacarrier 
533 |a Electronic reproduction.  |b [Bethesda, Md.] :  |c ProQuest,  |d 2017  |e digital, PDF file.  |n ProQuest U.S. Executive Branch Documents  |n Mode of access: World Wide Web via ProQuest website. 
588 |a Record is based on online resource; title from PDF title page (ProQuest, last viewed Apr. 2017). Reuse except for individual research requires license from ProQuest, LLC. 
610 2 0 |a United States Postal Service.  |0 http://id.loc.gov/authorities/names/n80013137 
650 0 |a Postal service  |z United States  |v Periodicals.  |0 http://id.loc.gov/authorities/subjects/sh2010107855 
856 4 0 |u http://proxy.library.tamu.edu/login?url=http://congressional.proquest.com/congressional/docview/t66.d71.p1.3..58_17296?  |y Electronic resource (PDF)  |t 0 
999 f f |s 411b1353-0415-332f-b164-a3df204446a3  |i 04f29557-964a-3a39-b9c2-45a5b3fd28c1  |t 0 
952 f f |a Texas A&M University  |b College Station  |c Electronic Resources  |d Available Online  |t 0  |h No information provided 
998 f f |t 0  |l Available Online